Cogito and the Unconscious /

保存先:
書誌詳細
第一著者: Žižek, Slavoj (edición)
フォーマット: 図書
言語:英語
出版事項: Durham, EUA : Duke University, 1998, c1998
シリーズ:(SIC ; 2)
主題:
タグ: タグ追加
タグなし, このレコードへの初めてのタグを付けませんか!

MARC

LEADER 00000nam^a2200000^a^4500
001 000171181
005 20250521000000.0
009 20260310101334.829
020 |a 0-8223-2097-5 
037 |a Acervo ITESO - Biblioteca 
041 |a ING 
082 |a 150. 195  |b SIC V. 2 
100 |a Žižek, Slavoj  |e (edición) 
245 1 0 |a Cogito and the Unconscious /  |c Ed. e introd. de S. Žižek. 
264 4 |a Durham, EUA :  |b Duke University,  |c 1998, c1998 
300 |a 279 p. 
336 |a texto  |b txt  |2 rdacontenido 
337 |a sin mediación  |b n  |2 rdamedio 
338 |a volumen  |b nc  |2 rdasoporte 
440 1 |a (SIC ;  |v 2) 
649 |a XX 
650 |a Inconsciente 
650 |a Psicología Cognitiva 
650 |a Modernidad y Posmodernidad 
650 |a Antropología Filosófica 
650 |a Filosofía 
650 |a Psicoanálisis Freudiano 
650 |a Psicología 
910 |a Fondo General 
920 |a Impresos - Libros 
930 |a Colección General 
905 |a 101 
901 |a 0500108358  |b IT1  |c ACC  |u 20250521 
902 |a https://opac.biblio.iteso.mx/vufind/Record/000171181